000 00466nam a2200193Ia 4500
003 OSt
005 20250828104428.0
008 250729s2003 xx 000 0 und d
020 _a978-1857035636
040 _cAL
041 _aeng
082 _a421.54 FIEI
100 _aField Marion
_9222255
245 _aImproving your spelling
260 _aMumbai
_bBetter Yourself Publication
_c2003
300 _a152p
650 _aEnglish
_9222256
942 _2ddc
_cBED
999 _c235375
_d235375